| 000 | 00727nam a22001937a 4500 | ||
|---|---|---|---|
| 999 |
_c61948 _d61948 |
||
| 003 | Ge_BSU | ||
| 005 | 20240613164358.0 | ||
| 008 | 240613s1979 ge ||||| |||| 00| 0 geo d | ||
| 041 | _ageo | ||
| 080 | _a614.2 ე-70 | ||
| 100 |
_aენუქიძე, ლ. _97309 |
||
| 245 |
_aექიმი გირჩევთ / _cლ. ენუქიძე; რედ. ნ. ჩიგოგიძე. |
||
| 264 |
_aთბ. : _bსაბჭ. საქართველო, _c1979. |
||
| 300 |
_a89 გვ. ; _b19 სმ. |
||
| 653 | _a ჯანმრთელობის დაცვა | ||
| 653 | _aმედიცინა | ||
| 700 |
_a ჩიგოგიძე, ნ. _eრედაქტორი _922426 |
||
| 942 |
_2udc _cBK |
||